| Record ID | ia:foxinsocks0000seus_i8f2 |
| Source | Internet Archive |
| Download MARC XML | https://archive.org/download/foxinsocks0000seus_i8f2/foxinsocks0000seus_i8f2_marc.xml |
| Download MARC binary | https://www.archive.org/download/foxinsocks0000seus_i8f2/foxinsocks0000seus_i8f2_meta.mrc |
LEADER: 00787cam 2200265Mi 4500
001 on1083734333
003 OCoLC
005 20210128200329.0
008 861016r20101963enka a 000 1 eng d
010 $a 00171124
040 $aNZNAP$beng$cNZNAP$dOCLCO$dOCLCQ
020 $a000766138X
020 $a9780007661381
020 $a9780007889501$q(hbk.)
020 $a000788950X
035 $a(OCoLC)1083734333
100 1 $aSeuss,$cDr.
245 10 $aFox in socks /$cby Dr Seuss.
260 $aLondon :$bHarperCollins Children's Books,$c2010, ©1963, 1991.
300 $a61 pages :$bcolor illustrations ;$c24 cm
336 $atext$btxt$2rdacontent
337 $aunmediated$bn$2rdamedia
338 $avolume$bnc$2rdacarrier
994 $aZ0$bP4A
948 $hNO HOLDINGS IN P4A - 1 OTHER HOLDINGS